| 000 | 00447nam a22001575i 4500 | ||
|---|---|---|---|
| 001 | 47949 | ||
| 003 | ES-MaACL | ||
| 007 | t| | ||
| 008 | 950206s1886 fr ||||1| fre d | ||
| 040 |
_aCAM _bspa _cCCPB | PA2 |
||
| 100 | 1 |
_aCourcy, Alfred Poitier de. _941270 |
|
| 245 | 1 | 3 |
_aLe droit et les ouvrièrs / _cpar Alfred de Courcy. |
| 260 |
_aParís : _bF. Pichon, Successeur, _c1886. |
||
| 300 |
_a183 p. ; _c23 cm. |
||
| 852 |
_aES-MaACL _jT-920-F-3 |
||
| 999 |
_c47949 _d47949 |
||